000 00232nam a22000857a 4500
008 160712b xxu||||| |||| 00| 0 eng d
100 _92651
_a Ridenour, F
245 _aThe Other Side of Morality
260 _aCali
_b A Division of G/L
_c1972
999 _c2304
_d2304